000 00485nam a2200193Ia 4500
005 20240823042703.0
008 240823s9999||||xx |||||||||||||| ||und||
020 _a81-8128-531-x
041 _aENGLISH
082 _A574.1925 P7
100 _aYi Ping Phoebe Chen
245 0 _aBioinformatics Technologies
250 _a1st
260 _c2007
_bSpringer International Ed
500 _aTRANSFERED
650 _aBioinformatics
_bBio Medical Engg.
942 _cBK
999 _c208452
_d208452